| 000 | 00716nam a2200217Ia 4500 | ||
|---|---|---|---|
| 003 | GCL | ||
| 008 | 140319s9999 xx 000 0 ara d | ||
| 040 |
_aGCL / _cGCL |
||
| 082 | 0 | 4 |
_a301.247 _bن ش |
| 100 | 1 | _aنادية رضوان | |
| 245 | 1 | 0 |
_aالشباب المصرى المعاصر وازمة القيم / _cنادية رضوان |
| 300 | _a487 ص | ||
| 490 |
_aالهيئة العامة للاستعلامات _v0 |
||
| 650 | 0 | 4 | _aالقيم الاجتماعية |
| 650 | 0 | 4 | _aالقيم الاخلاقية |
| 650 | 0 | 4 | _aالشباب |
| 650 | 0 | 4 | _aالتغير الاجتماعى |
| 650 | 0 | 4 | _aالشباب فى مصر |
| 650 | 0 | 4 | _aالشباب والتغير الاجتماعى |
| 942 |
_2ddc _cBK |
||
| 999 |
_c50386 _d50386 |
||